000 00690nam0a22002171 4500
001 rc\593619
005 20250621175235.0
035 _a(NLR Aleph) 005838552
090 _a5654392
_c5654392
100 _a20031121d1986 |||y0rusy50 ca
101 0 _arus
102 _aRU
105 _aa |||||||||
200 1 _aАлчный золотарь
_eГруз. нар. сказка
_e[Для дошк. возраста]
_fПер. А. Дарахвелидзе
_gХудож. М. Бакрадзе
210 _aТбилиси
_cНакадули
_d1986
215 _a[7] с.
_cцв. ил.
_d29
801 0 _aRU
_bNLR
_gpsbo
801 1 _aRU
_bELAR
_2rusmarc
852 _aNLR
_j87-8/130
942 _cBOOK
980 _aNB